书目信息 |
| 题名: |
泰国清莱拉祜族及其语言使用现状
|
|
| 作者: | 戴庆厦 主编 | |
| 分册: | ||
| 出版信息: | 北京 中国社会科学出版社 2010.2 |
|
| 页数: | 483页 | |
| 开本: | 24cm | |
| 丛书名: | 跨境语言研究系列丛书 | |
| 单 册: | ||
| 中图分类: | H412 | |
| 科图分类: | ||
| 主题词: | 泰语--语言调查--调查研究 , 泰语 , 语言调查 , 调查研究 | |
| 电子资源: | ||
| ISBN: | 978-7-5004-8857-6 | |
| 000 | 00834oam2 2200277 45 | |
| 001 | 1360091718 | |
| 005 | 20130530093404.98 | |
| 010 | @a978-7-5004-8857-6@dCNY66.00 | |
| 100 | @a20130513d2010 em y0chiy50 ea | |
| 101 | 0 | @achi |
| 102 | @aCN@b110000 | |
| 105 | @ay z 000yy | |
| 106 | @ar | |
| 200 | 1 | @a泰国清莱拉祜族及其语言使用现状@ATai Guo Qing Lai La Hu Zu Ji Qi Yu Yan Shi Yong Xian Zhuang@f戴庆厦主编@FDai Qing Xia Zhu Bian |
| 210 | @a北京@c中国社会科学出版社@d2010.2 | |
| 215 | @a483页@c照片@d24cm | |
| 225 | 2 | @a跨境语言研究系列丛书 |
| 461 | 0 | @12001 @a跨境语言研究系列丛书 |
| 606 | 0 | @a泰语@x语言调查@x调查研究 |
| 606 | 0 | @a泰语 |
| 606 | 0 | @a语言调查 |
| 606 | 0 | @a调查研究 |
| 690 | @aH412@v5 | |
| 701 | 0 | @a戴庆厦@ADai Qing Xia@4主编 |
| 801 | @aCN@bTANGWEI@c20130522 | |
| 905 | @b0834048-51@dH412@e1@f4 | |
| 泰国清莱拉祜族及其语言使用现状/戴庆厦主编.-北京:中国社会科学出版社,2010.2 |
| 483页:照片;24cm.-(跨境语言研究系列丛书) |
| ISBN 978-7-5004-8857-6:CNY66.00 |
| ● |
| 相关链接 |
|
|
|
|
正题名:泰国清莱拉祜族及其语言使用现状
索取号:H412/1
 
预约/预借
| 序号 | 登录号 | 条形码 | 馆藏地/架位号 | 状态 | 备注 |
| 1 | 0834048 | 208340482 | 第二样本阅览室/ [索取号:H412/1] | 在馆 | |
| 2 | 0834049 | 208340491 | 第四借阅区/ [索取号:H412/1] | 在馆 | |
| 3 | 0834050 | 208340507 | 第四借阅区/ [索取号:H412/1] | 在馆 | |
| 4 | 0834051 | 208340516 | 第四借阅区/ [索取号:H412/1] | 在馆 |